书目信息 |
| 题名: |
史可法集
|
|
| 作者: | 张纯修 编辑 ;罗振常 校补 | |
| 分册: | ||
| 出版信息: | 上海 上海古籍出版社 1984 |
|
| 页数: | 187页 | |
| 开本: | 21cm | |
| 丛书名: | ||
| 单 册: | ||
| 中图分类: | Z424.8 , I214.82 | |
| 科图分类: | ||
| 主题词: | 文学--作品集--中国 | |
| 电子资源: | ||
| ISBN: | ||
| 000 | 00731nam0 2200277 45 | |
| 001 | 0184012349 | |
| 005 | 20040419145600.9 | |
| 010 | @dCNY0.82 | |
| 091 | @a10186.461 | |
| 100 | @a19950615d1984 em y0chiy0121 ea | |
| 101 | 0 | @achi |
| 102 | @aCN@b310000 | |
| 105 | @ay z 000yy | |
| 106 | @ar | |
| 200 | 10 | @a史可法集@Ashi ke fa ji@f张纯修著@g罗振常校补 |
| 210 | @a上海@c上海古籍出版社@d1984 | |
| 215 | @a187页@d21cm | |
| 600 | 0 | @a史可法@x文集 |
| 606 | 0 | @a文学@x作品集@x中国 |
| 690 | @aZ424.8@v3 | |
| 690 | @aI214.82 | |
| 701 | 0 | @a张纯修@Azhang chun xiu@4编辑 |
| 702 | 0 | @a罗振常@Aluo zhen chang@4校补 |
| 801 | 0 | @aCN@b上海图书馆@c20040419 |
| 801 | 2 | @aCN@bNLC@c20040419 |
| 905 | @f2@b173753-754@dI214.82@e215 | |
| 史可法集/张纯修著/罗振常校补.-上海:上海古籍出版社,1984 |
| 187页;21cm |
| ISBN :CNY0.82 |
| ● |
| 相关链接 |
|
|
|
|
正题名:史可法集
索取号:I214.82/215
 
预约/预借
| 序号 | 登录号 | 条形码 | 馆藏地/架位号 | 状态 | 备注 |
| 1 | 0173753 | 000229194 | 第二借阅区/ [索取号:I214.82/215] | 在馆 | |
| 2 | 0173754 | 000229201 | 第二借阅区/ [索取号:I214.82/215] | 在馆 | |
| 3 | 0173755 | 202085135 | 第一样本阅览室/ [索取号:I214.82/215] | 在馆 |